OECD Economic Surveys: China 2019 April 2019

Enregistré dans:
Détails bibliographiques
Format: Livre
Langue:anglais
Publié: Paris OECD 2019
Collection:OECD Economic Surveys
Sujets:
Tags: Ajouter un tag
Pas de tags, Soyez le premier à ajouter un tag!

MARC

LEADER 00000nam a2200000 4500
001 0261562
005 20221220064915.2
020 |a 978-92-64-31225-8 
041 0 |a eng 
044 |a FR 
245 1 0 |a OECD Economic Surveys: China 2019  |b April 2019 
264 1 |a Paris  |b OECD  |c 2019 
300 |a 137 s. 
490 1 |a OECD Economic Surveys 
830 0 |a OECD Economic Surveys 
610 2 0 |a situácia hospodárska 
610 2 0 |a rast hospodársky 
610 2 0 |a trh výrobkov 
610 2 0 |a trh práce 
610 2 0 |a politika regionálna 
610 2 0 |a porovnanie štatistické medzinárodné 
610 2 0 |a Čína